<?xml version="1.0" encoding="UTF-8"?>
<record
    xmlns:xsi="http://www.w3.org/2001/XMLSchema-instance"
    xsi:schemaLocation="http://www.loc.gov/MARC21/slim http://www.loc.gov/standards/marcxml/schema/MARC21slim.xsd"
    xmlns="http://www.loc.gov/MARC21/slim">

  <leader>01693nam a2200241Ia 4500</leader>
  <controlfield tag="008">120625s2003    mx            000 0 spa d</controlfield>
  <datafield tag="020" ind1=" " ind2=" ">
    <subfield code="a">9701036352</subfield>
  </datafield>
  <datafield tag="050" ind1=" " ind2="4">
    <subfield code="a">HF1281 </subfield>
    <subfield code="b">W57 2003</subfield>
  </datafield>
  <datafield tag="100" ind1="1" ind2=" ">
    <subfield code="a">Witker Vel&#xE1;zquez, Jorge</subfield>
    <subfield code="e">, autor.</subfield>
    <subfield code="9">30776</subfield>
  </datafield>
  <datafield tag="245" ind1="1" ind2="0">
    <subfield code="a">Introducci&#xF3;n al derecho econ&#xF3;mico </subfield>
    <subfield code="c">/ Jorge Witker Vel&#xE1;squez.</subfield>
  </datafield>
  <datafield tag="250" ind1=" " ind2=" ">
    <subfield code="a">5a. ed.</subfield>
  </datafield>
  <datafield tag="260" ind1="3" ind2=" ">
    <subfield code="a">M&#xE9;xico </subfield>
    <subfield code="b">: McGraw-Hill</subfield>
    <subfield code="c">, 2003.</subfield>
  </datafield>
  <datafield tag="300" ind1=" " ind2=" ">
    <subfield code="a">xxiv, 532 p&#xE1;ginas.</subfield>
  </datafield>
  <datafield tag="336" ind1=" " ind2=" ">
    <subfield code="a">Texto</subfield>
  </datafield>
  <datafield tag="337" ind1=" " ind2=" ">
    <subfield code="a">Sin medio</subfield>
  </datafield>
  <datafield tag="338" ind1=" " ind2=" ">
    <subfield code="a">Volumen</subfield>
  </datafield>
  <datafield tag="500" ind1=" " ind2=" ">
    <subfield code="a">Incluye anexos (pp. 257-524)
Incluye direcciones electr&#xF3;nicas (pp. 525-527)</subfield>
  </datafield>
  <datafield tag="504" ind1=" " ind2=" ">
    <subfield code="a">Incluye bibliograf&#xED;a (pp. 529-532)</subfield>
  </datafield>
  <datafield tag="505" ind1="1" ind2=" ">
    <subfield code="a">Conceptos fundamentales de derecho econ&#xF3;mico
Distinci&#xF3;n t&#xE9;cnica y pr&#xE1;ctica entre el derecho econ&#xF3;mico, derecho p&#xFA;blico y el derecho privado
Antecedentes del derecho econ&#xF3;mico
El derecho econ&#xF3;mico en los sistemas econ&#xF3;micos del siglo XX
Organizaci&#xF3;n econ&#xF3;mica del estado mexicano
Recursos naturales
Las finanzas p&#xFA;blicas y el derecho econ&#xF3;mico como instrumento para el equilibrio de la econom&#xED;a y el desarrollo
Derecho econ&#xF3;mico y fomento industrial
Turismo
El derecho econ&#xF3;mico como instrumento para mejorar la calidad de vida
Derecho econ&#xF3;mico internacional

Anexos
Ley Org&#xE1;nica de Petr&#xF3;leos Mexicanos y Organismos Subsidiarios
Ley del Servicio P&#xFA;blico de Energ&#xED;a El&#xE9;ctrica
Ley Minera
Ley del Banco de M&#xE9;xico
Ley de Inversi&#xF3;n Extranjera
Ley Federal de Competencia Econ&#xF3;mica
Ley de Comercio Exterior
Ley de la Propiedad Industrial
Ley Federal del Turismo
Ley Federal de Protecci&#xF3;n al Consumidor</subfield>
  </datafield>
  <datafield tag="519" ind1=" " ind2=" ">
    <subfield code="a">Material complementario</subfield>
    <subfield code="d">(04 000450)</subfield>
  </datafield>
  <datafield tag="650" ind1="1" ind2="4">
    <subfield code="a">DERECHO MERCANTIL</subfield>
    <subfield code="z">M&#xC9;XICO</subfield>
    <subfield code="9">30777</subfield>
  </datafield>
  <datafield tag="942" ind1=" " ind2=" ">
    <subfield code="c">LB</subfield>
  </datafield>
  <datafield tag="952" ind1=" " ind2=" ">
    <subfield code="0">0</subfield>
    <subfield code="1">0</subfield>
    <subfield code="4">0</subfield>
    <subfield code="7">0</subfield>
    <subfield code="a">04</subfield>
    <subfield code="b">04</subfield>
    <subfield code="d">2007-05-02</subfield>
    <subfield code="l">12</subfield>
    <subfield code="m">1</subfield>
    <subfield code="o">HF1281 W57 2003</subfield>
    <subfield code="p">04 000450</subfield>
    <subfield code="r">2018-04-25</subfield>
    <subfield code="s">2018-04-25</subfield>
    <subfield code="t">1</subfield>
    <subfield code="w">2012-06-24</subfield>
    <subfield code="y">LB</subfield>
  </datafield>
  <datafield tag="999" ind1=" " ind2=" ">
    <subfield code="c">61696</subfield>
    <subfield code="d">61696</subfield>
  </datafield>
</record>
